| 000 | nam a22 c 4500 | ||
|---|---|---|---|
| 999 |
_c375058 _d375058 |
||
| 003 | BLK | ||
| 005 | 20201020152525.0 | ||
| 008 | 200316b bul|||||r ||||||| ||bul|| | ||
| 010 | _aKNG00208212RET | ||
| 040 | _aBLK | ||
| 041 |
_aBUL _cBUL |
||
| 080 |
_aСтара и антична история _b931 _z931 |
||
| 139 | _aРъководство по всеобщата история | ||
| 245 | 1 | 0 |
_aРъководство по всеобщата история _bДревнята история в 2 ч. _cсъстав. Райчо Михов Каролев. _nЧ. 1 _nЧ. 2 _pИсторията на древните източни народи; Историята на Гърция и Македония ; Историята на римляните. |
| 257 | _aBGR | ||
| 260 |
_aРусе _c1882 _fРусе : Н. К. Жейнов |
||
| 300 | _c25 см | ||
| 380 | _a9 | ||
| 490 |
_9435080 _aКолекция Редки и ценни издания |
||
| 500 | _aДвете части са подвързани в едно тяло. | ||
| 505 |
_rСмирнов, Капитон Иванович _tКратко учебно земеописание : Ч. 2., 3. изд. Пловдив ; София ; Русчук : Книж. Хр. Г. Данов, 1881. 148 с.: с ил. |
||
| 650 | 0 |
_9244549 _aДревна Гърция - история |
|
| 650 | 0 |
_9251210 _aИстория - Древен Рим |
|
| 653 | 7 |
_aстара история _9197300 |
|
| 700 | 1 |
_aКаролев, Райчо Михов _eсъстав. _9418340 |
|
| 760 | 1 |
_h65 с. _tЧ. 1 Историята на древните източни народи |
|
| 760 | 1 |
_h204 с. _tЧ. 2: Историята на Гърция и Македония ; Историята на римляните. |
|
| 852 |
_aРб 882 _bРц |
||
| 856 | 4 |
_qpdf _u |
|
| 856 | 4 |
_qpdf _u |
|
| 942 |
_cKNG _n0 _s1 |
||
| 944 |
_aED _c2020-07-15 |
||
| 999 | _d375058 | ||
| 999 | _d375058 | ||
| 999 | _d375058 | ||
| 999 | _d375058 | ||
| 999 | _d548620 | ||